[Event "Chicago op 34th"]
[Site "Chicago"]
[Date "2025.05.26"]
[Round "9"]
[White "Burke, John M"]
[Black "Deviprasath, Sharvesh"]
[Result "1/2-1/2"]
[WhiteElo "2577"]
[BlackElo "2420"]
[PlyCount "105"]
[EventDate "2025.05.22"]
[EventType "swiss"]
[EventRounds "9"]
[EventCountry "USA"]
[SourceTitle "CB23_2025"]
[SourceDate "2025.06.04"]
[SourceVersion "1"]
[SourceVersionDate "2025.06.04"]
[SourceQuality "1"]

1. e4 c5 2. Nf3 Nc6 3. d4 cxd4 4. Nxd4 Nf6 5. Nc3 e6 6. Nxc6 bxc6 7. e5 Nd5 8. Ne4 Qc7 9. f4 Rb8 10. c4 Bb4+ 11. Ke2 0-0 12. cxd5 cxd5 13. Ng5 h6 14. Nf3 f6 15. exf6 Rxf6 16. Qd3 d6 17. Kd1 Bd7 18. Be3 Qa5 19. Qa6 Qd8 20. Rc1 e5 21. Qxa7 Qe8 22. Rc7 Rf7 23. b3 e4 24. Nd4 Bc5 25. Qa5 Bb6 26. Qxd5 Bxc7 27. Bc4 Rc8 28. Ke2 Bb6 29. Kf2 Bxd4 30. Bxd4 Rxc4 31. Qxc4 Be6 32. Qc1 g5 33. Re1 d5 34. f5 Bxf5 35. Kg1 Qc8 36. Qe3 Bg4 37. Bc3 Kh7 38. Qd4 Rc7 39. Re3 Qg8 40. a4 Rf7 41. Re1 Bd7 42. Qc5 Qa8 43. a5 Qb7 44. Qd4 Qa8 45. Rf1 Qf8 46. Rxf7+ Qxf7 47. Qa7 Kg6 48. a6 Qf4 49. Qxd7 Qc1+ 50. Kf2 Qc2+ 51. Kf1 Qd3+ 52. Kf2 Qc2+ 53. Kf1 1/2-1/2

[Event "Titled Tuesday intern op 10th Sep Late"]
[Site "Chess,com INT"]
[Date "2024.09.10"]
[Round "10"]
[White "Argandona Riveiro, Inigo"]
[Black "Deviprasath, Sharvesh"]
[Result "0-1"]
[WhiteElo "2334"]
[BlackElo "2416"]
[PlyCount "118"]
[EventDate "2024.09.10"]
[EventType "swiss (blitz)"]
[EventRounds "11"]
[EventCountry "USA"]
[SourceTitle "EXT 2025"]
[Source "ChessBase"]
[SourceDate "2024.10.14"]
[SourceVersion "1"]
[SourceVersionDate "2024.10.14"]
[SourceQuality "1"]

1. Nf3 f5 2. c4 Nf6 3. Qc2 e6 4. d3 d6 5. e4 fxe4 6. dxe4 e5 7. c5 Be7 8. Bc4 Nc6 9. 0-0 h6 10. Rd1 Bg4 11. Nbd2 Qd7 12. h3 Bh5 13. Qb3 Na5 14. Be6 Nxb3 15. Bxd7+ Nxd7 16. Nxb3 Bxf3 17. gxf3 0-0 18. cxd6 Bxd6 19. f4 exf4 20. f3 Ne5 21. Kf2 Rad8 22. Bd2 Nd3+ 23. Kg2 Nxb2 24. Rf1 Be5 25. Rac1 b6 26. Bc3 Bxc3 27. Rxc3 c5 28. Rc2 Nd3 29. Nd2 Ne5 30. Nb1 Rd3 31. Rff2 Rfd8 32. Nc3 Ng6 33. Nd5 Nh4+ 34. Kf1 Rxf3 35. Rcd2 Kh8 36. Rxf3 Nxf3 37. Rf2 Ng5 38. Rxf4 Nxe4 39. Ne7 Nf6 40. Rf2 Rd3 41. h4 c4 42. Ng6+ Kh7 43. Nf4 Rd4 44. Ke2 b5 45. Ke3 Ng4+ 46. Kxd4 Nxf2 47. h5 Ng4 48. a4 a6 49. axb5 axb5 50. Kc3 Nf6 51. Kb4 Kg8 52. Kxb5 c3 53. Kb4 c2 54. Nd3 Nxh5 55. Kc3 Nf4 56. Nc1 h5 57. Kxc2 h4 58. Kd2 h3 59. Ne2 Nxe2 0-1

[Event "Titled Tuesday intern op 10th Sep Late"]
[Site "Chess,com INT"]
[Date "2024.09.10"]
[Round "7"]
[White "Clawitter, Craig"]
[Black "Deviprasath, Sharvesh"]
[Result "0-1"]
[WhiteElo "2050"]
[BlackElo "2416"]
[PlyCount "48"]
[EventDate "2024.09.10"]
[EventType "swiss (blitz)"]
[EventRounds "11"]
[EventCountry "USA"]
[SourceTitle "EXT 2025"]
[Source "ChessBase"]
[SourceDate "2024.10.14"]
[SourceVersion "1"]
[SourceVersionDate "2024.10.14"]
[SourceQuality "1"]

1. e4 e6 2. d4 d5 3. e5 c5 4. c3 Nc6 5. Nf3 Bd7 6. Be2 f6 7. 0-0 fxe5 8. dxe5 Qc7 9. Re1 0-0-0 10. Bf1 Nge7 11. a3 Nf5 12. b4 c4 13. b5 Na5 14. a4 Nb3 15. Ra2 Nxc1 16. Qxc1 Bc5 17. Na3 Rdf8 18. Nc2 h6 19. Qd1 g5 20. Nfd4 h5 21. a5 Qd8 22. a6 b6 23. Nb4 Nxd4 24. cxd4 Bxb4 0-1

[Event "Titled Tuesday intern op 10th Sep Late"]
[Site "Chess,com INT"]
[Date "2024.09.10"]
[Round "11"]
[White "Lai, Duc Minh1"]
[Black "Deviprasath, Sharvesh"]
[Result "1-0"]
[WhiteElo "2058"]
[BlackElo "2416"]
[PlyCount "97"]
[EventDate "2024.09.10"]
[EventType "swiss (blitz)"]
[EventRounds "11"]
[EventCountry "USA"]
[SourceTitle "EXT 2025"]
[Source "ChessBase"]
[SourceDate "2024.10.14"]
[SourceVersion "1"]
[SourceVersionDate "2024.10.14"]
[SourceQuality "1"]

1. d4 e6 2. Bf4 d5 3. Nc3 Nf6 4. Nb5 Na6 5. e3 c6 6. Nc3 Nc7 7. Nf3 Bb4 8. Bd3 0-0 9. 0-0 Bd6 10. Ne5 h6 11. Qf3 Qe7 12. Qh3 Bxe5 13. Bxe5 Nh7 14. Qg3 Ne8 15. h4 f6 16. Bf4 g5 17. hxg5 hxg5 18. e4 Qg7 19. Bd2 f5 20. exf5 exf5 21. Qe5 Qxe5 22. dxe5 Nc7 23. f4 g4 24. Ne2 Ne6 25. Ng3 Nc5 26. Bb4 b6 27. c4 Nxd3 28. Bxf8 Kxf8 29. cxd5 cxd5 30. Rad1 Nxb2 31. Rxd5 Be6 32. Rd6 Ke7 33. Rc1 Nf8 34. Rc7+ Nd7 35. Nh5 Nc4 36. Rxe6+ Kxe6 37. Rxc4 Nc5 38. Ng7+ Kd5 39. Rb4 a5 40. Rxb6 Ke4 41. Rb5 Nd3 42. e6 Nxf4 43. e7 Rc8 44. e8Q+ Rxe8 45. Nxe8 g3 46. Rxa5 Ke3 47. Ra3+ Nd3 48. Rxd3+ Kxd3 49. a4 1-0

[Event "Titled Tuesday intern op 10th Sep Late"]
[Site "Chess,com INT"]
[Date "2024.09.10"]
[Round "2"]
[White "Martin Fuentes, Alberto"]
[Black "Deviprasath, Sharvesh"]
[Result "0-1"]
[WhiteElo "2375"]
[BlackElo "2416"]
[PlyCount "84"]
[EventDate "2024.09.10"]
[EventType "swiss (blitz)"]
[EventRounds "11"]
[EventCountry "USA"]
[SourceTitle "EXT 2025"]
[Source "ChessBase"]
[SourceDate "2024.10.14"]
[SourceVersion "1"]
[SourceVersionDate "2024.10.14"]
[SourceQuality "1"]

1. e4 e6 2. d4 d5 3. Nd2 Nf6 4. e5 Nfd7 5. c3 c5 6. Bd3 Nc6 7. Ngf3 a5 8. 0-0 g5 9. h3 h5 10. g4 hxg4 11. hxg4 Be7 12. Re1 cxd4 13. cxd4 Qb6 14. Qa4 Bb4 15. a3 Be7 16. Nf1 Nf8 17. Be3 Bd7 18. Qd1 0-0-0 19. Qd2 Kb8 20. Ng3 Ng6 21. Bxg6 fxg6 22. Rad1 Rdf8 23. Kg2 a4 24. Nxg5 Na5 25. Rh1 Nc4 26. Qc3 Nxe3+ 27. Qxe3 Qxb2 28. Rxh8 Rxh8 29. Rd3 Rf8 30. Nf3 Bb5 31. Rc3 Qb1 32. Ng5 Bxg5 33. Qxg5 Qb2 34. Rf3 Rxf3 35. Kxf3 Qxa3+ 36. Kg2 Qb4 37. Qxg6 a3 38. Qg8+ Ka7 39. Qh8 a2 40. Qh1 Qb1 41. g5 Qxh1+ 42. Nxh1 a1Q 0-1

[Event "Titled Tuesday intern op 10th Sep Late"]
[Site "Chess,com INT"]
[Date "2024.09.10"]
[Round "8"]
[White "Toncheva, Nadya"]
[Black "Deviprasath, Sharvesh"]
[Result "1-0"]
[WhiteElo "2301"]
[BlackElo "2416"]
[PlyCount "79"]
[EventDate "2024.09.10"]
[EventType "swiss (blitz)"]
[EventRounds "11"]
[EventCountry "USA"]
[SourceTitle "EXT 2025"]
[Source "ChessBase"]
[SourceDate "2024.10.14"]
[SourceVersion "1"]
[SourceVersionDate "2024.10.14"]
[SourceQuality "1"]

1. e4 e6 2. d4 d5 3. Nd2 Nf6 4. e5 Nfd7 5. c3 c5 6. Bd3 Nc6 7. Ne2 cxd4 8. cxd4 f6 9. exf6 Nxf6 10. 0-0 Bd6 11. Nf3 Qc7 12. Bd2 0-0 13. Rc1 Ne4 14. Be3 Rxf3 15. gxf3 Bxh2+ 16. Kg2 Nf6 17. Ng3 Bxg3 18. fxg3 e5 19. Rh1 Qb6 20. dxe5 Qxb2+ 21. Rc2 Qxe5 22. Bf4 Qe7 23. Re2 Qf7 24. Qb1 g6 25. Qb2 Nh5 26. Bh6 Bd7 27. Qxb7 Bh3+ 28. Rxh3 Qxb7 29. g4 Ng7 30. Bg5 Re8 31. Rh1 Rxe2+ 32. Bxe2 Qb2 33. Re1 Ne6 34. Bc1 Qxa2 35. Kg3 Ng7 36. Bb5 Nd8 37. Re7 Nde6 38. Be3 Qb1 39. Rb7 Qh1 40. Bf2 1-0

[Event "Titled Tuesday intern op 06th Aug Late"]
[Site "Chess.com INT"]
[Date "2024.08.06"]
[Round "1"]
[White "Cuenca Jimenez, Jose Fernando"]
[Black "Deviprasath, Sharvesh"]
[Result "1-0"]
[WhiteElo "2472"]
[BlackElo "2411"]
[PlyCount "59"]
[EventDate "2024.08.06"]
[EventType "swiss (blitz)"]
[EventRounds "11"]
[EventCountry "USA"]
[SourceTitle "EXT 2025"]
[Source "ChessBase"]
[SourceDate "2024.10.14"]
[SourceVersion "1"]
[SourceVersionDate "2024.10.14"]
[SourceQuality "1"]

1. d4 e6 2. Bf4 f5 3. Nf3 Nf6 4. e3 b6 5. c4 Bb7 6. Nc3 Bd6 7. Bxd6 cxd6 8. d5 0-0 9. Nd4 Re8 10. Be2 g6 11. 0-0 a6 12. b4 e5 13. Nb3 Qc7 14. Rc1 Ra7 15. a4 Bc8 16. a5 Qb7 17. Rb1 Ra8 18. Qd2 Qa7 19. h3 Qc7 20. Rfc1 Qd8 21. Na4 bxa5 22. bxa5 Ra7 23. Bd3 Rb7 24. Nb6 Rf8 25. Rb2 Nh5 26. Be2 Ng7 27. c5 dxc5 28. Nxc5 Rc7 29. Na8 Ra7 30. Rxb8 1-0

[Event "Titled Tuesday intern op 06th Aug Late"]
[Site "Chess.com INT"]
[Date "2024.08.06"]
[Round "9"]
[White "Deviprasath, Sharvesh"]
[Black "Hercegovac, Neven"]
[Result "1/2-1/2"]
[WhiteElo "2411"]
[BlackElo "2278"]
[PlyCount "86"]
[EventDate "2024.08.06"]
[EventType "swiss (blitz)"]
[EventRounds "11"]
[EventCountry "USA"]
[SourceTitle "EXT 2025"]
[Source "ChessBase"]
[SourceDate "2024.10.14"]
[SourceVersion "1"]
[SourceVersionDate "2024.10.14"]
[SourceQuality "1"]

1. e4 e6 2. d4 d5 3. Nd2 c5 4. Ngf3 cxd4 5. Nxd4 Nc6 6. Bb5 Bd7 7. Nxc6 bxc6 8. Bd3 Bd6 9. 0-0 Qc7 10. h3 Ne7 11. c4 0-0 12. Nb3 Ng6 13. Bd2 Ne5 14. Qe2 a5 15. cxd5 Nxd3 16. Qxd3 cxd5 17. exd5 exd5 18. Qxd5 Be6 19. Qf3 a4 20. Nd4 Bd7 21. a3 Be5 22. Bc3 Rab8 23. Rac1 Qa7 24. Rfd1 Rfc8 25. Qe4 Bf6 26. Nf5 Bxf5 27. Qxf5 Bxc3 28. Rxc3 Rxc3 29. bxc3 Qc7 30. Rd7 Qc4 31. Qd5 Rb1+ 32. Kh2 Qf4+ 33. g3 Qxf2+ 34. Qg2 Qxg2+ 35. Kxg2 g6 36. Ra7 Rb2+ 37. Kf3 Rb3 38. Rxa4 Rxc3+ 39. Kg4 Kg7 40. Ra7 h5+ 41. Kf4 Kf6 42. h4 Rb3 43. a4 Ra3 1/2-1/2

[Event "Titled Tuesday intern op 06th Aug Late"]
[Site "Chess.com INT"]
[Date "2024.08.06"]
[Round "6"]
[White "Suarez, Sebastian"]
[Black "Deviprasath, Sharvesh"]
[Result "1/2-1/2"]
[WhiteElo "2189"]
[BlackElo "2411"]
[PlyCount "167"]
[EventDate "2024.08.06"]
[EventType "swiss (blitz)"]
[EventRounds "11"]
[EventCountry "USA"]
[SourceTitle "EXT 2025"]
[Source "ChessBase"]
[SourceDate "2024.10.14"]
[SourceVersion "1"]
[SourceVersionDate "2024.10.14"]
[SourceQuality "1"]

1. e4 e6 2. d4 d5 3. Nc3 Bb4 4. e5 Ne7 5. Bd3 c5 6. a3 Bxc3+ 7. bxc3 c4 8. Bf1 Qa5 9. Bd2 Qa4 10. Ne2 0-0 11. Nf4 Nbc6 12. Be2 f6 13. exf6 Rxf6 14. Nh5 Rg6 15. 0-0 Bd7 16. f4 Nf5 17. Bg4 Rf8 18. Bxf5 Rxf5 19. Ng3 Rf8 20. f5 exf5 21. Bf4 Be6 22. Re1 Nd8 23. Qd2 Rg4 24. Re2 Bd7 25. Bd6 Rf7 26. Nh5 Qc6 27. Be5 Qg6 28. Nf4 Qh6 29. Nxd5 Qxd2 30. Rxd2 Nc6 31. Re1 Be6 32. Nf4 Nxe5 33. Rxe5 Rxf4 34. Rxe6 Re4 35. Re2 Rxe2 36. Rxe2 Kf8 37. Re5 g6 38. Rc5 Re7 39. Kf2 Re6 40. Rxc4 Ra6 41. Rc8+ Kg7 42. Rc7+ Kh6 43. Rxb7 Rxa3 44. Rc7 Ra2 45. Kf3 Rxc2 46. Rxa7 Rxc3+ 47. Kf2 Kg5 48. Rxh7 Rd3 49. Re7 Kf4 50. Re2 Rxd4 51. g3+ Kg4 52. Kg2 Kg5 53. Rf2 Re4 54. h3 Re3 55. Rd2 Re4 56. Rf2 Rd4 57. Re2 Rc4 58. Re6 Rc2+ 59. Kf3 Rc3+ 60. Kg2 Rc2+ 61. Kf3 Rc3+ 62. Re3 Rc2 63. Rd3 Ra2 64. h4+ Kf6 65. Rd6+ Kf7 66. Kf4 Ra4+ 67. Ke5 Rg4 68. Rd7+ Kg8 69. Rd3 Kg7 70. Rc3 Kh6 71. Rd3 Kh5 72. Re3 Ra4 73. Kf6 Ra6+ 74. Ke5 Kg4 75. Rd3 Ra8 76. Kf6 Ra6+ 77. Kg7 Rb6 78. Re3 Rc6 79. Kf7 Rd6 80. Ke7 Ra6 81. Kf7 Rb6 82. Kg7 Ra6 83. Kf7 Rb6 84. Kg7 1/2-1/2

[Event "Titled Tuesday intern op 23rd Jul Late"]
[Site "Chess.com INT"]
[Date "2024.07.23"]
[Round "11"]
[White "Deviprasath, Sharvesh"]
[Black "Clawitter, Craig"]
[Result "1-0"]
[WhiteElo "2407"]
[BlackElo "2050"]
[PlyCount "69"]
[EventDate "2024.07.23"]
[EventType "swiss (blitz)"]
[EventRounds "11"]
[EventCountry "USA"]
[SourceTitle "EXT 2025"]
[Source "ChessBase"]
[SourceDate "2024.10.14"]
[SourceVersion "1"]
[SourceVersionDate "2024.10.14"]
[SourceQuality "1"]

1. e4 e6 2. d4 d5 3. Nd2 Be7 4. Ngf3 Nf6 5. e5 Nfd7 6. Bd3 c5 7. c3 Nc6 8. 0-0 a5 9. c4 cxd4 10. cxd5 Ncxe5 11. Bb5 Nxf3+ 12. Nxf3 exd5 13. Qxd4 0-0 14. Qxd5 Nc5 15. Qh5 Ne6 16. Be3 a4 17. Rfd1 Qa5 18. Bd2 Bb4 19. Bxb4 Qxb4 20. Bd3 g6 21. Qe5 Qf4 22. Qb5 b6 23. Qxb6 Rb8 24. Qa7 Rxb2 25. Bc4 Qxc4 26. h3 Bb7 27. Rac1 Qa6 28. Qe3 Bxf3 29. Qxf3 Qe2 30. Qf6 Rxa2 31. Re1 Qh5 32. Rxe6 fxe6 33. Qxe6+ Kg7 34. Qxa2 Qf5 35. Rc3 1-0

[Event "Titled Tuesday intern op 23rd Jul Late"]
[Site "Chess.com INT"]
[Date "2024.07.23"]
[Round "10"]
[White "Deviprasath, Sharvesh"]
[Black "Sramek, Vojtech"]
[Result "0-1"]
[WhiteElo "2407"]
[BlackElo "2246"]
[PlyCount "144"]
[EventDate "2024.07.23"]
[EventType "swiss (blitz)"]
[EventRounds "11"]
[EventCountry "USA"]
[SourceTitle "EXT 2025"]
[Source "ChessBase"]
[SourceDate "2024.10.14"]
[SourceVersion "1"]
[SourceVersionDate "2024.10.14"]
[SourceQuality "1"]

1. e4 c5 2. d4 cxd4 3. c3 d5 4. exd5 Qxd5 5. cxd4 e6 6. Nf3 Nf6 7. Nc3 Qd6 8. Be2 Be7 9. 0-0 0-0 10. Be3 Nc6 11. Rc1 Rd8 12. Nb5 Qd7 13. Ne5 Nxe5 14. dxe5 Nd5 15. Bd4 a6 16. Nd6 Bxd6 17. exd6 Qxd6 18. Bc5 Qe5 19. Bf3 Bd7 20. Re1 Qg5 21. Bd4 Bc6 22. Re5 Qe7 23. Qd2 Nf6 24. Bxc6 bxc6 25. Rxc6 Qd7 26. Rc4 Rac8 27. Rxc8 Rxc8 28. h3 Rd8 29. Rc5 Ne4 30. Qe3 Nxc5 31. Bxc5 Qd1+ 32. Kh2 h6 33. Bb4 Qd5 34. Bc3 f6 35. a3 e5 36. Qa7 Rd6 37. Qb8+ Kh7 38. Qf8 Rd7 39. Qc8 Rd6 40. Qe8 Qe6 41. Qh5 Rd5 42. Qe2 e4 43. Qe3 Qd6+ 44. g3 Qe6 45. h4 Rd3 46. Qf4 e3 47. fxe3 Rxe3 48. h5 Re2+ 49. Kg1 Qe3+ 50. Qxe3 Rxe3 51. Kf2 Rd3 52. g4 Rd5 53. Kg3 Kg8 54. Kf4 Kf7 55. Bb4 Rg5 56. Bc3 Rb5 57. Bd4 Ke6 58. Bc3 Rd5 59. Ke4 Rg5 60. Kf4 Rd5 61. Kf3 Rd1 62. Kf4 Rf1+ 63. Ke4 Rg1 64. Kf4 Kd5 65. Bb4 Kd4 66. Bf8 Rf1+ 67. Kg3 f5 68. gxf5 Rxf5 69. Be7 Rxh5 70. Kg4 Rh2 71. Bf8 g5 72. Bxh6 Rxh6 0-1

[Event "Titled Tuesday intern op 09th Jul Late"]
[Site "Chess.com INT"]
[Date "2024.07.09"]
[Round "1"]
[White "Gholami Orimi, Mahdi"]
[Black "Deviprasath, Sharvesh"]
[Result "1-0"]
[WhiteElo "2505"]
[BlackElo "2407"]
[PlyCount "53"]
[EventDate "2024.07.09"]
[EventType "swiss (blitz)"]
[EventRounds "11"]
[EventCountry "USA"]
[SourceTitle "EXT 2025"]
[Source "ChessBase"]
[SourceDate "2024.10.14"]
[SourceVersion "1"]
[SourceVersionDate "2024.10.14"]
[SourceQuality "1"]

1. e4 e6 2. d4 d5 3. e5 c5 4. c3 Nc6 5. Nf3 Bd7 6. Be2 f6 7. 0-0 fxe5 8. Nxe5 Nxe5 9. dxe5 Qc7 10. Bf4 0-0-0 11. a4 h6 12. Na3 g5 13. Be3 a6 14. b4 Qxe5 15. bxc5 Qg7 16. Rb1 Bc6 17. Qb3 Ne7 18. Nb5 Kd7 19. Nd4 Rb8 20. Bg4 Nf5 21. Nxf5 exf5 22. Bxf5+ Kd8 23. Bd4 Qf7 24. Qb6+ Ke8 25. Rfe1+ Be7 26. Qxc6+ bxc6 27. Rxb8# 1-0

[Event "Titled Tuesday intern op 02nd Jul Late"]
[Site "Chess.com INT"]
[Date "2024.07.02"]
[Round "9"]
[White "Deviprasath, Sharvesh"]
[Black "Antunes, Luciano Justi"]
[Result "1-0"]
[WhiteElo "2407"]
[BlackElo "2045"]
[PlyCount "85"]
[EventDate "2024.07.02"]
[EventType "swiss (blitz)"]
[EventRounds "11"]
[EventCountry "USA"]
[SourceTitle "EXT 2025"]
[Source "ChessBase"]
[SourceDate "2024.10.14"]
[SourceVersion "1"]
[SourceVersionDate "2024.10.14"]
[SourceQuality "1"]

1. e4 c5 2. Nf3 Nc6 3. d4 cxd4 4. Nxd4 Nf6 5. Nc3 e5 6. Ndb5 d6 7. Bg5 a6 8. Bxf6 gxf6 9. Na3 b5 10. Nd5 f5 11. Bd3 Be6 12. c4 b4 13. Nc2 Bxd5 14. cxd5 fxe4 15. Bxe4 Ne7 16. Ne3 Bh6 17. Qa4+ Kf8 18. Qxb4 Bxe3 19. fxe3 Rb8 20. Qd2 Qb6 21. b3 Kg7 22. 0-0 Rhf8 23. Bf5 Qc5 24. Rad1 Rb5 25. Bd3 Rb6 26. Bc4 f5 27. Kh1 Rf6 28. Rf3 a5 29. Qf2 Rb8 30. Rg3+ Rg6 31. Rxg6+ hxg6 32. Qh4 Qc7 33. e4 Rh8 34. Qg5 fxe4 35. Rf1 Nf5 36. Rxf5 Rh5 37. Qf6+ Kh6 38. Rxh5+ Kxh5 39. Be2+ Kh6 40. h3 Qc1+ 41. Kh2 Qe3 42. h4 Qxe2 43. Qh8# 1-0

[Event "Titled Tuesday intern op 02nd Jul Late"]
[Site "Chess.com INT"]
[Date "2024.07.02"]
[Round "7"]
[White "Deviprasath, Sharvesh"]
[Black "Yu, Avery"]
[Result "1-0"]
[WhiteElo "2407"]
[BlackElo "1957"]
[PlyCount "145"]
[EventDate "2024.07.02"]
[EventType "swiss (blitz)"]
[EventRounds "11"]
[EventCountry "USA"]
[SourceTitle "EXT 2025"]
[Source "ChessBase"]
[SourceDate "2024.10.14"]
[SourceVersion "1"]
[SourceVersionDate "2024.10.14"]
[SourceQuality "1"]

1. e4 c5 2. Nf3 d6 3. d4 cxd4 4. Nxd4 Nf6 5. Nc3 a6 6. Be3 e5 7. Nb3 Be6 8. f3 Be7 9. Qd2 0-0 10. 0-0-0 Nbd7 11. g4 b5 12. g5 Nh5 13. Kb1 f6 14. Nd5 Bxd5 15. Qxd5+ Kh8 16. g6 f5 17. exf5 Rxf5 18. Bh3 Rf8 19. Qe6 Ndf6 20. gxh7 Qc7 21. Rhg1 Rac8 22. Rd2 d5 23. c3 b4 24. Rc1 Qb7 25. Qxe5 bxc3 26. Bxc8 Rxc8 27. Rxc3 Rxc3 28. bxc3 a5 29. Rd4 Bf8 30. Qe6 Qb5 31. Kc2 Qe2+ 32. Nd2 Qb5 33. Bg5 a4 34. Bxf6 Nxf6 35. Qf7 Qc6 36. Qxf8+ Kxh7 37. Qb4 Qe6 38. Qxa4 Qf5+ 39. Kb2 Qc8 40. Qc2+ Kg8 41. Qd3 Qb7+ 42. Rb4 Qc6 43. Nb3 Qe6 44. Nd4 Qh3 45. Qc2 Qh5 46. a4 Nd7 47. Rb5 Qg5 48. a5 Qf6 49. Qa4 Qa6 50. Qb4 Ne5 51. Rb6 Nd3+ 52. Kb3 Nxb4 53. Rxa6 Nxa6 54. Ka4 Nc7 55. Kb4 Kf7 56. Kc5 Ke7 57. Kc6 Na6 58. Kxd5 Kd7 59. Kc4 Kc7 60. Kb5 Nb8 61. c4 Nd7 62. Ne6+ Kb8 63. Nxg7 Nf6 64. Ne6 Nh5 65. Kc6 Ka7 66. Kd7 Ka6 67. c5 Kxa5 68. c6 Nf6+ 69. Kd6 Ne8+ 70. Kd7 Nf6+ 71. Kd8 Kb6 72. c7 Nd5 73. c8Q 1-0

[Event "Titled Tuesday intern op 25th Jun Late"]
[Site "Chess.com INT"]
[Date "2024.06.25"]
[Round "11"]
[White "Deviprasath, Sharvesh"]
[Black "Lohani, Sujana"]
[Result "0-1"]
[WhiteElo "2393"]
[BlackElo "1806"]
[PlyCount "56"]
[EventDate "2024.06.25"]
[EventType "swiss (blitz)"]
[EventRounds "11"]
[EventCountry "USA"]
[SourceTitle "EXT 2025"]
[Source "ChessBase"]
[SourceDate "2024.10.14"]
[SourceVersion "1"]
[SourceVersionDate "2024.10.14"]
[SourceQuality "1"]

1. e4 c5 2. Nf3 Nc6 3. d4 cxd4 4. Nxd4 Nf6 5. Nc3 e5 6. Ndb5 d6 7. Bg5 a6 8. Bxf6 gxf6 9. Na3 Bg7 10. Nd5 0-0 11. Bd3 Ne7 12. Nxe7+ Qxe7 13. 0-0 Rd8 14. Bc4 f5 15. exf5 Bxf5 16. Bd5 Rac8 17. c3 b5 18. Re1 Qg5 19. Re3 Kh8 20. Rg3 Qf6 21. Nc2 Bh6 22. Ne3 Bf4 23. Nxf5 Qxf5 24. Rh3 Rg8 25. Qe2 Qxh3 26. g3 Rg7 27. Bg2 Qh6 28. gxf4 Rcg8 0-1

[Event "Titled Tuesday intern op 25th Jun Late"]
[Site "Chess.com INT"]
[Date "2024.06.25"]
[Round "5"]
[White "Deviprasath, Sharvesh"]
[Black "Suarez, Sebastian"]
[Result "1/2-1/2"]
[WhiteElo "2393"]
[BlackElo "2161"]
[PlyCount "215"]
[EventDate "2024.06.25"]
[EventType "swiss (blitz)"]
[EventRounds "11"]
[EventCountry "USA"]
[SourceTitle "EXT 2025"]
[Source "ChessBase"]
[SourceDate "2024.10.14"]
[SourceVersion "1"]
[SourceVersionDate "2024.10.14"]
[SourceQuality "1"]

1. e4 c5 2. Nf3 e6 3. d4 cxd4 4. Nxd4 a6 5. Bd3 Nf6 6. Nc3 Qc7 7. 0-0 Be7 8. Nb3 0-0 9. f4 d6 10. Kh1 b5 11. a3 Nbd7 12. Rf3 Bb7 13. Rh3 g6 14. f5 Ne5 15. Qe2 Rfe8 16. Bd2 Bf8 17. fxe6 fxe6 18. Rf1 Bg7 19. Bg5 Rf8 20. Nd4 Qd7 21. Rh4 Rf7 22. Rhf4 Raf8 23. Nb3 Nfg4 24. h3 Nf6 25. Qd1 Nh5 26. Rxf7 Rxf7 27. Rxf7 Qxf7 28. Kg1 h6 29. Be3 Kh7 30. Na5 Ba8 31. Be2 Nf6 32. Qxd6 Nxe4 33. Nxe4 Bxe4 34. c4 bxc4 35. Nxc4 Nc6 36. Bd3 Bd5 37. Nb6 Be5 38. Qd7 Qxd7 39. Nxd7 Bxb2 40. Bxa6 Bxa3 41. Bc5 Bxc5+ 42. Nxc5 Kg7 43. Bb7 Ne5 44. Kf2 Nd3+ 45. Nxd3 Bxb7 46. Nf4 Kf6 47. g3 g5 48. Ne2 Ba6 49. Nc3 Bd3 50. h4 Bc2 51. hxg5+ hxg5 52. Ke3 Ke5 53. Ne2 Bd1 54. Nd4 Ba4 55. Nf3+ Kf6 56. Nd4 Bd7 57. Nf3 e5 58. Nd2 Bc6 59. Kf2 Bd5 60. Nf1 Kf5 61. Ne3+ Ke4 62. Nf1 Bc4 63. Nd2+ Kd3 64. Nf3 e4 65. Nxg5 e3+ 66. Ke1 Bb5 67. Ne6 Bc4 68. Nc5+ Kd4 69. Nd7 Be6 70. Nf6 Ke5 71. Nh5 Kf5 72. Nf4 Bc4 73. Ng2 Ke4 74. Nxe3 Kxe3 75. g4 Kf4 76. g5 Bg8 77. g6 Kf5 78. g7 Kg5 79. Kf2 Kf6 80. Ke3 Ke7 81. Kd4 Kf7 82. Kc5 Kg6 83. Kd6 Kh7 84. Kc7 Kh6 85. Kb8 Kg6 86. Ka7 Kf7 87. Kb6 Bh7 88. Kb5 Bg8 89. Kb4 Kg6 90. Ka3 Kh7 91. Kb2 Bf7 92. Ka1 Kg8 93. Kb2 Be6 94. Kc1 Bd7 95. Kd2 Be8 96. Ke2 Bf7 97. Kf2 Be6 98. Ke3 Bd7 99. Kf4 Be8 100. Kg3 Bf7 101. Kh2 Be6 102. Kg1 Bd7 103. Kf2 Be8 104. Kg3 Bf7 105. Kf2 Be6 106. Kg3 Bd7 107. Kf2 Be8 108. Kg3 1/2-1/2

[Event "Titled Tuesday intern op 11th Jun Late"]
[Site "Chess.com INT"]
[Date "2024.06.11"]
[Round "1"]
[White "Boyer, Mahel"]
[Black "Deviprasath, Sharvesh"]
[Result "1-0"]
[WhiteElo "2455"]
[BlackElo "2393"]
[PlyCount "109"]
[EventDate "2024.06.11"]
[EventType "swiss (blitz)"]
[EventRounds "11"]
[EventCountry "USA"]
[SourceTitle "EXT 2025"]
[Source "ChessBase"]
[SourceDate "2024.10.14"]
[SourceVersion "1"]
[SourceVersionDate "2024.10.14"]
[SourceQuality "1"]

1. Nf3 f5 2. b3 Nf6 3. Bb2 e6 4. g3 Be7 5. Bg2 0-0 6. 0-0 d6 7. d4 a5 8. c4 Ne4 9. Nfd2 d5 10. Nxe4 fxe4 11. Nc3 c6 12. f3 exf3 13. exf3 Bf6 14. Ne2 a4 15. f4 a3 16. Bc3 Bd7 17. Qd2 Na6 18. Rae1 b5 19. cxb5 cxb5 20. Nc1 Qb6 21. b4 Rac8 22. Nb3 Rc4 23. Re3 Rfc8 24. Nc5 Nxc5 25. dxc5 Bxc3 26. Rxc3 Qd8 27. Rxa3 Bc6 28. Re1 Qf6 29. Rae3 Re8 30. a3 d4 31. Re5 Bxg2 32. Qxg2 d3 33. Qc6 Rd8 34. Rxe6 d2 35. Rd1 Qd4+ 36. Kg2 h6 37. Re8+ Rxe8 38. Qxe8+ Kh7 39. Qe2 Rc2 40. c6 Rxc6 41. Rxd2 Qc4 42. Qxc4 bxc4 43. Rc2 Kg6 44. Kf3 Kf5 45. g4+ Ke6 46. Ke4 Kd6 47. Kd4 Ra6 48. Rc3 Ke6 49. Kxc4 Rd6 50. b5 Rd8 51. b6 Rc8+ 52. Kb4 Rb8 53. Kb5 Kd5 54. a4 Kd6 55. a5 1-0

[Event "Titled Tuesday intern op 11th Jun Late"]
[Site "Chess.com INT"]
[Date "2024.06.11"]
[Round "5"]
[White "Deviprasath, Sharvesh"]
[Black "Kavutskiy, Konstantin"]
[Result "0-1"]
[WhiteElo "2393"]
[BlackElo "2345"]
[PlyCount "74"]
[EventDate "2024.06.11"]
[EventType "swiss (blitz)"]
[EventRounds "11"]
[EventCountry "USA"]
[SourceTitle "EXT 2025"]
[Source "ChessBase"]
[SourceDate "2024.10.14"]
[SourceVersion "1"]
[SourceVersionDate "2024.10.14"]
[SourceQuality "1"]

1. e4 c5 2. Nf3 Nc6 3. d4 cxd4 4. Nxd4 e5 5. Nb5 d6 6. c4 g6 7. N1c3 a6 8. Na3 Be6 9. Be2 Bg7 10. 0-0 Nd4 11. Nd5 Nf6 12. f3 Nxe2+ 13. Qxe2 Nxd5 14. cxd5 Bd7 15. Be3 b5 16. Rfc1 0-0 17. Nc2 a5 18. Qf2 f5 19. Qe1 Qf6 20. Na3 Rfc8 21. Rxc8+ Rxc8 22. Qxa5 fxe4 23. fxe4 Qh4 24. Qb4 Bh6 25. Bxh6 Qxh6 26. h3 Qe3+ 27. Kh2 Qf4+ 28. Kg1 Bxh3 29. gxh3 Qg3+ 30. Kh1 Qxh3+ 31. Kg1 Qg3+ 32. Kh1 Rf8 33. Qxd6 Rf2 34. Qb8+ Kg7 35. Qa7+ Kh6 36. Qxf2 Qxf2 37. Nxb5 Qxb2 0-1